000 00493nam a2200181Ia 4500
001 20827
005 20260306172834.0
008 260306t2022||||xx |||||||||||||| ||spa||
041 _aESP
082 _a343.8
_bE333
100 _aEffio Pereda, Fernando Walter
_eAUT
245 0 _aAplazamiento y fraccionamiento tributario (SUNAT):
_brequisitos y tratamiento contable
260 _c2022
300 _a126 páginas :
_c24 cm.
650 _aGEN
654 _aCCO
942 _cLIB
_dJUS
_fJUS
_2ddc
_n
999 _c20827
_d20827